000
00342pab a2200145 454500
008
180718b2005 xxu||||| |||| 00| 0 eng d
100
_a
Kitson, Michael
245
_a
Economics for the future
260
_c
2005
300
_a
p.827-35.
362
_a
Nov
650
_a
Economics
773
_a
Cambridge Journal of Economics
909
_a
68092
999
_c
68092
_d
68092